Latin Numbers - Statistics

General Stats
  • This quiz has been taken 182 times
  • The average score is 20 of 88
Answer Stats
Hint Answer % Correct
3 tres
76%
2 duo
73%
6 sex
68%
1 unus
68%
7 septem
62%
8 octo
61%
10 decem
59%
4 quattuor
56%
9 novem
55%
1st primus
55%
5 quinque
54%
1000 mille
45%
2nd secundus
45%
100 centum
43%
12 duodecim
42%
3x ter
42%
11 undecim
42%
5th quintus
39%
13 tredecim
39%
4th quartus
35%
6th sextus
35%
3rd tertius
35%
15 quindecim
33%
7th septimus
33%
20 viginti
33%
10th decimus
32%
30 triginta
27%
9th nonus
25%
8th octavus
25%
11th undecimus
25%
12th duodecimus
23%
50 quinquaginta
18%
300 trecenti
17%
2x bis
16%
200 ducenti
16%
4x quater
16%
13th tertius decimus
16%
20th vicesimus
16%
500 quingenti
15%
15th quintus decimus
15%
1x semel
14%
30th tricesimus
14%
100th centesimus
13%
2s bini
12%
1s singuli
12%
10x decies
11%
10s deni
11%
1000th millesimus
11%
9s noveni
11%
50th quinquagesimus
11%
3s trini
11%
12s duodeni
10%
9x novies
10%
8x octies
10%
8s octoni
10%
4s quaterni
10%
5s quini
10%
6s seni
10%
7s septeni
10%
7x septies
10%
6x sexies
10%
11s undeni
10%
100s centeni
9%
100x centiens
9%
200th ducentesimus
9%
12x duodecies
9%
500th quingentesimus
9%
13s terni deni
9%
300th trecentesimus
9%
11x undecies
9%
1000s milleni
8%
1000x millies
8%
15s quini deni
8%
50s quinquageni
8%
13x terdecies
8%
30s triceni
8%
20s viceni
8%
20x viciens
8%
500s quingeni
7%
300s treceni
6%
200s duceni
5%
200x ducenties
5%
300x trecenties
5%
30x tricies
5%
15x quindecies
4%
500x quingenties
4%
5x quinquiens
3%
50x quinquagiens
2%
No matching quizzes found
Score Distribution
Percent of People with Each Score
Percentile by Number Answered
Your Score History
You have not taken this quiz